[Event "85. Argentino Superior Absoluto 2010 "]
[Site "Buenos Aires ARG"]
[Date "2010.07.12"]
[Round "7.7"]
[White "Quiroga, Facundo"]
[Black "Filgueira, Hernan"]
[Result "1/2-1/2"]
[WhiteElo "2340"]
[BlackElo "2347"]
[PlyCount "30"]
[EventDate "2010.07.05"]
[EventType "swiss"]
[EventRounds "9"]
[EventCountry "ARG"]
[Source "lmi"]
[SourceDate "2010.07.05"]

1. Nf3 d5 2. d4 Nf6 3. c4 dxc4 4. e3 e6 5. Nc3 c5 6. Bxc4 a6 7. a4 Nc6 8. O-O
Be7 9. Qe2 cxd4 10. Rd1 O-O 11. exd4 Nd5 12. h3 Ncb4 13. Ne5 Qb6 14. Nxd5 exd5
15. Bd3 Nxd3 1/2-1/2

[Event "85. Argentino Superior Absoluto 2010 "]
[Site "Buenos Aires ARG"]
[Date "2010.07.12"]
[Round "7.8"]
[White "Dos Santos, Ramiro"]
[Black "Spata, German"]
[Result "1/2-1/2"]
[WhiteElo "2442"]
[BlackElo "2286"]
[PlyCount "105"]
[EventDate "2010.07.05"]
[EventType "swiss"]
[EventRounds "9"]
[EventCountry "ARG"]
[Source "lmi"]
[SourceDate "2010.07.05"]

1. e4 e6 2. d4 d5 3. Nc3 dxe4 4. Nxe4 Bd7 5. Nf3 Bc6 6. Bd3 Nd7 7. O-O Ngf6 8.
Ng3 Be7 9. b3 O-O 10. Bb2 Bxf3 11. Qxf3 c6 12. c4 Re8 13. Rfe1 Qc7 14. Rad1
Rad8 15. d5 exd5 16. cxd5 Nxd5 17. Bxh7+ Kxh7 18. Qxf7 N5f6 19. Bxf6 Nxf6 20.
Nf5 Bd6 21. Qc4 Bxh2+ 22. Kh1 Qf4 23. Qc2 Rxd1 24. Rxd1 Ne4 25. Nd6 Re6 26.
Nxe4 Qxe4 27. Qxe4+ Rxe4 28. Kxh2 Re2 29. Rd7 Rxf2 30. a3 Ra2 31. a4 b5 32.
Rxa7 Ra3 33. Rc7 Rxb3 34. a5 Rc3 35. a6 b4 36. a7 Ra3 37. Rxc6 Rxa7 38. Rb6 Ra4
39. Kg3 Ra3+ 40. Kf4 b3 41. g4 Kg8 42. Kg5 Kf7 43. Rb7+ Ke6 44. Kg6 Kd5 45. g5
Kc6 46. Rb8 Kc7 47. Rb4 Ra6+ 48. Kxg7 Rb6 49. Rc4+ Kd6 50. Rc1 b2 51. Rb1 Rb7+
52. Kf6 Kd5 53. g6 1/2-1/2

[Event "85. Argentino Superior Absoluto 2010 "]
[Site "Buenos Aires ARG"]
[Date "2010.07.12"]
[Round "7.9"]
[White "Cereijo, Nicolas"]
[Black "Tristan, Leonardo"]
[Result "0-1"]
[WhiteElo "2139"]
[BlackElo "2393"]
[PlyCount "36"]
[EventDate "2010.07.05"]
[EventType "swiss"]
[EventRounds "9"]
[EventCountry "ARG"]
[Source "lmi"]
[SourceDate "2010.07.05"]

1. e4 d6 2. d4 g6 3. Nc3 Bg7 4. f4 a6 5. a4 Nf6 6. e5 Nfd7 7. Nf3 c5 8. exd6
cxd4 9. Ne4 O-O 10. Be2 Nc5 11. Nxc5 Qa5+ 12. c3 Qxc5 13. cxd4 Qxd6 14. O-O Nc6
15. Be3 Rd8 16. Ne5 Nxd4 17. Nc4 Qb4 18. Bd3 Be6 0-1

[Event "85. Argentino Superior Absoluto 2010 "]
[Site "Buenos Aires ARG"]
[Date "2010.07.12"]
[Round "7.10"]
[White "Mahia, Gustavo"]
[Black "Leeuw, Pablo"]
[Result "1-0"]
[WhiteElo "2393"]
[BlackElo "2071"]
[PlyCount "79"]
[EventDate "2010.07.05"]
[EventType "swiss"]
[EventRounds "9"]
[EventCountry "ARG"]
[Source "lmi"]
[SourceDate "2010.07.05"]

1. e4 e6 2. d4 d5 3. Nc3 Nf6 4. Bg5 Bb4 5. exd5 Qxd5 6. Nf3 Ne4 7. Bd2 Bxc3 8.
bxc3 Nxd2 9. Qxd2 b6 10. Bd3 Ba6 11. O-O Bxd3 12. cxd3 Nd7 13. c4 Qd6 14. d5
O-O 15. dxe6 Qxe6 16. Rfe1 Qd6 17. d4 Rfe8 18. h3 Nf6 19. a4 Rad8 20. a5 h6 21.
Rad1 Nd7 22. Qc3 Qf6 23. Qa3 Qc6 24. Qb3 bxa5 25. d5 Qb6 26. Qa4 Rxe1+ 27. Rxe1
Qb4 28. Qc6 Qb6 29. Re7 Qxc6 30. dxc6 Nb6 31. c5 Rd1+ 32. Kh2 Nd5 33. Re8+ Kh7
34. Ra8 Rc1 35. Ne5 Rxc5 36. Nxf7 Rxc6 37. Rh8+ Kg6 38. Ne5+ Kf6 39. Nxc6 Nb4
40. Nxa5 1-0

[Event "85. Argentino Superior Absoluto 2010 "]
[Site "Buenos Aires ARG"]
[Date "2010.07.12"]
[Round "7.11"]
[White "Garbarino, Rodolfo"]
[Black "Julia, Ernesto"]
[Result "1/2-1/2"]
[WhiteElo "2350"]
[BlackElo "2378"]
[PlyCount "29"]
[EventDate "2010.07.05"]
[EventType "swiss"]
[EventRounds "9"]
[EventCountry "ARG"]
[Source "lmi"]
[SourceDate "2010.07.05"]

1. e4 e5 2. Bc4 Nf6 3. d3 Nc6 4. Nc3 Bc5 5. f4 d6 6. Nf3 Bg4 7. Na4 O-O 8. Nxc5
dxc5 9. Be3 Qd6 10. Qd2 Bxf3 11. gxf3 Nh5 12. Qf2 b6 13. f5 Nf4 14. Bxf4 exf4
15. Bd5 1/2-1/2

[Event "85. Argentino Superior Absoluto 2010 "]
[Site "Buenos Aires ARG"]
[Date "2010.07.12"]
[Round "7.12"]
[White "Virgillito, Cristian"]
[Black "Gimenez, Santiago"]
[Result "1-0"]
[WhiteElo "2238"]
[BlackElo "2253"]
[PlyCount "77"]
[EventDate "2010.07.05"]
[EventType "swiss"]
[EventRounds "9"]
[EventCountry "ARG"]
[Source "lmi"]
[SourceDate "2010.07.05"]

1. e4 c5 2. Nf3 d6 3. d4 cxd4 4. Nxd4 Nf6 5. Nc3 a6 6. Be3 e5 7. Nb3 Be7 8. f3
Be6 9. Qd2 O-O 10. O-O-O Qc7 11. g4 Rc8 12. Kb1 d5 13. exd5 Nxd5 14. Nxd5 Bxd5
15. Qf2 Be6 16. Bd3 Nd7 17. Rhe1 a5 18. a4 Nf6 19. Bb6 Qb8 20. Bf5 Bxf5 21.
gxf5 Rc4 22. Qe2 Rxa4 23. Qxe5 Qxe5 24. Rxe5 Bf8 25. Rxa5 R8xa5 26. Bxa5 Rh4
27. Rd8 h5 28. Bc7 Nh7 29. Nc5 Rc4 30. Bd6 Rd4 31. Nxb7 f6 32. c3 Rd2 33. c4
Kf7 34. Bxf8 Rxd8 35. Nxd8+ Kxf8 36. Ne6+ Ke7 37. c5 Kd7 38. Kc2 h4 39. Kd3 1-0

[Event "85. Argentino Superior Absoluto 2010 "]
[Site "Buenos Aires ARG"]
[Date "2010.07.12"]
[Round "7.13"]
[White "Koch, Juan"]
[Black "Fabian, Gaston"]
[Result "1/2-1/2"]
[WhiteElo "2087"]
[BlackElo "2260"]
[PlyCount "125"]
[EventDate "2010.07.05"]
[EventType "swiss"]
[EventRounds "9"]
[EventCountry "ARG"]
[Source "lmi"]
[SourceDate "2010.07.05"]

1. c4 Nf6 2. g3 e6 3. Bg2 d5 4. Nf3 Be7 5. O-O O-O 6. d4 dxc4 7. Qc2 a6 8. Qxc4
b5 9. Qc2 Bb7 10. Bf4 Nc6 11. Rd1 Nb4 12. Qc1 Rc8 13. Nc3 Nbd5 14. Ne5 Nxc3 15.
Qxc3 Bxg2 16. Kxg2 Qd5+ 17. f3 c5 18. dxc5 Qxc5 19. Qxc5 Rxc5 20. Rac1 Rfc8 21.
Rxc5 Rxc5 22. Rc1 Nd5 23. Bd2 Rxc1 24. Bxc1 Nb4 25. a3 Bd6 26. axb4 Bxe5 27. f4
Bd4 28. g4 f5 29. h3 g6 30. Kf3 Kf7 31. e3 Bg7 32. Ke2 Ke7 33. Kd3 Kd6 34. e4
Kc6 35. g5 Kd6 36. e5+ Kd5 37. Be3 Bf8 38. Bd2 Be7 39. b3 Kc6 40. Be1 Bd8 41.
Bd2 Bb6 42. Be3 Bc7 43. Bd2 Kd5 44. Be3 a5 45. bxa5 Bxa5 46. Bf2 Bb4 47. Bg3
Bc5 48. Be1 Bd4 49. Bb4 Bb2 50. Bd2 Bd4 51. Bb4 Bf2 52. Bd2 Bc5 53. Be1 Bf8 54.
Bd2 h6 55. h4 h5 56. b4 Be7 57. Bc3 Bd8 58. Bd4 Be7 59. Bc3 Kc6 60. Ke3 Bd8 61.
Bd4 Bc7 62. Kd3 Kd5 63. Bc5 1/2-1/2

[Event "85. Argentino Superior Absoluto 2010 "]
[Site "Buenos Aires ARG"]
[Date "2010.07.12"]
[Round "7.14"]
[White "Rasgido, Alejandro"]
[Black "Sanhueza, Cristian"]
[Result "0-1"]
[WhiteElo "1997"]
[BlackElo "2199"]
[PlyCount "156"]
[EventDate "2010.07.05"]
[EventType "swiss"]
[EventRounds "9"]
[EventCountry "ARG"]
[Source "lmi"]
[SourceDate "2010.07.05"]

1. b3 e5 2. Bb2 Nc6 3. e3 Nf6 4. Bb5 Bd6 5. Nf3 e4 6. Nd4 Nxd4 7. Bxd4 O-O 8.
O-O c6 9. Be2 Bc7 10. c4 d5 11. f4 exf3 12. Bxf3 Qd6 13. g3 Ne4 14. Qe2 Re8 15.
d3 Ng5 16. Bg2 dxc4 17. Qh5 Qg6 18. Qxg6 hxg6 19. bxc4 Bf5 20. e4 Bg4 21. Be3
Ne6 22. Nc3 Rad8 23. d4 Nxd4 24. Rf2 Be5 25. Rc1 Be6 26. Bf1 Bg4 27. Bg2 b6 28.
Bf4 Bf6 29. h3 Bc8 30. Nd1 g5 31. Be3 g4 32. hxg4 Bxg4 33. Nc3 Be6 34. Bf1 Bc8
35. Bf4 Be5 36. Bg2 Bg4 37. Rcf1 f6 38. Rc1 Bc8 39. Nd1 Bxf4 40. gxf4 Ne6 41.
Ne3 Nc5 42. Rcf1 Nxe4 43. Re1 Kf8 44. f5 Nd2 45. Rf4 Bb7 46. Kf2 Re5 47. Re2
Nb1 48. Bf3 Nc3 49. Rc2 Na4 50. Ng4 Ree8 51. Kg3 Nc5 52. Nf2 Re3 53. Rh4 Kg8
54. Kf4 Re1 55. Kg3 Rg1+ 56. Kh2 Rg5 57. Rf4 Kf7 58. Nh3 Rh8 59. Rd2 Bc8 60.
Bxc6 Bxf5 61. Bd5+ Kg6 62. Rf3 Rxh3+ 63. Rxh3 Bxh3 64. Kxh3 Rg1 65. Bc6 Kf5 66.
a4 g5 67. Kh2 Ra1 68. Rf2+ Ke5 69. Re2+ Kd4 70. Rf2 Ne4 71. Rf5 Ra2+ 72. Kg1
Ke3 73. Bxe4 Kxe4 74. Rxf6 Rxa4 75. Rf7 Kd4 76. c5 Kxc5 77. Rf5+ Kc6 78. Rxg5
Rf4 0-1

[Event "85. Argentino Superior Absoluto 2010 "]
[Site "Buenos Aires ARG"]
[Date "2010.07.12"]
[Round "7.15"]
[White "Fiori, Alberto Nicolas"]
[Black "Ricciardi, Gabriel"]
[Result "1-0"]
[WhiteElo "2166"]
[BlackElo "1599"]
[PlyCount "175"]
[EventDate "2010.07.05"]
[EventType "swiss"]
[EventRounds "9"]
[EventCountry "ARG"]
[Source "lmi"]
[SourceDate "2010.07.05"]

1. Nf3 Nf6 2. d4 d6 3. Nc3 c6 4. a4 Qc7 5. e4 e5 6. dxe5 dxe5 7. h3 Bb4 8. Bd3
Bxc3+ 9. bxc3 Nbd7 10. O-O O-O 11. Nd2 Rd8 12. Qe2 Nc5 13. Bc4 Be6 14. Bxe6
Nxe6 15. g3 Qa5 16. Bb2 Ng5 17. Kg2 Qc7 18. h4 Ne6 19. Rfd1 Rd7 20. Nc4 Rad8
21. f3 Nc5 22. a5 b5 23. axb6 axb6 24. Rxd7 Rxd7 25. Ra8+ Rd8 26. Rxd8+ Qxd8
27. Nxe5 Qc7 28. c4 Nh5 29. f4 Nf6 30. Nd3 Ncxe4 31. Nf2 Nxf2 32. Kxf2 Qd7 33.
Bxf6 gxf6 34. Qe3 Qd8 35. c3 c5 36. Ke2 Qa8 37. Kd3 Qd8+ 38. Ke4 Qa8+ 39. Kf5
Qc8+ 40. Ke4 Qa8+ 41. Kf5 Qc8+ 42. Ke4 Qa8+ 43. Kd3 Qd8+ 44. Ke2 Qa8 45. Kd3
Qd8+ 46. Kc2 Qa8 47. Kb2 Kg7 48. Qd3 Qg2+ 49. Kb3 Qh1 50. Ka4 Qc6+ 51. Kb3 Qh1
52. Ka4 Qc6+ 53. Ka3 Qa8+ 54. Kb3 Qh1 55. f5 Qg2 56. Ka3 Qa8+ 57. Kb2 Qg2+ 58.
Kb3 Qh1 59. Ka2 Qg2+ 60. Kb1 Qh1+ 61. Kb2 Qg2+ 62. Kb3 Qh1 63. h5 Qxh5 64. Ka4
Qh1 65. Kb5 Qe1 66. Kxb6 Qe5 67. Qd1 Qd6+ 68. Kb5 Qc7 69. Qg4+ Kf8 70. Qf3 Kg7
71. g4 Qe5 72. Kc6 h6 73. Kb5 Kh7 74. Qd5 Qxc3 75. Qxf7+ Kh8 76. Qf8+ Kh7 77.
Qe7+ Kh8 78. Qxc5 Qb3+ 79. Qb4 Qf3 80. Qf8+ Kh7 81. Qf7+ Kh8 82. Qxf6+ Kh7 83.
Qg6+ Kh8 84. Qxh6+ Kg8 85. Qg6+ Kf8 86. Qd6+ Kg7 87. f6+ Kh7 88. Qe7+ 1-0

[Event "85. Argentino Superior Absoluto 2010 "]
[Site "Buenos Aires ARG"]
[Date "2010.07.12"]
[Round "7.16"]
[White "Cabral, Matias Andres"]
[Black "Valli, Americo"]
[Result "0-1"]
[WhiteElo "2098"]
[BlackElo "1972"]
[PlyCount "86"]
[EventDate "2010.07.05"]
[EventType "swiss"]
[EventRounds "9"]
[EventCountry "ARG"]
[Source "lmi"]
[SourceDate "2010.07.05"]

1. e4 c6 2. d4 d5 3. exd5 cxd5 4. Bd3 Nc6 5. c3 Nf6 6. Bf4 Qb6 7. Qb3 Qxb3 8.
axb3 Nh5 9. Be3 e5 10. dxe5 Nxe5 11. Be2 Nf6 12. Rxa7 Rxa7 13. Bxa7 Bf5 14. Na3
Bxa3 15. bxa3 Nd3+ 16. Kd2 Ne4+ 17. Kxd3 Nxf2+ 18. Kd4 Nxh1 19. Kxd5 Kd7 20.
Bf3 Ra8 21. Bc5 Be6+ 22. Ke4 Bxb3 23. g4 Ke6 24. Nh3 Bd5+ 25. Ke3 Bxf3 26. Kxf3
Kd5 27. Bb4 Ra6 28. Kg2 Rh6 29. Nf4+ Ke4 30. Nh5 f5 31. Kxh1 Kf3 32. Nxg7 fxg4
33. Nf5 Rh5 34. Nd4+ Kf2 35. Bd6 Ra5 36. Bg3+ Kf1 37. Nc2 h5 38. c4 Ra8 39. Bd6
Re8 40. Bb4 Re2 41. Nd4 Rg2 42. h4 Rg3 43. Bd6 Rh3+ 0-1

[Event "85. Argentino Superior Absoluto 2010 "]
[Site "Buenos Aires ARG"]
[Date "2010.07.12"]
[Round "7.18"]
[White "Sanchez, Christian"]
[Black "Lopez, Ricardo"]
[Result "0-1"]
[WhiteElo "2028"]
[BlackElo "2187"]
[PlyCount "122"]
[EventDate "2010.07.05"]
[EventType "swiss"]
[EventRounds "9"]
[EventCountry "ARG"]
[Source "lmi"]
[SourceDate "2010.07.05"]

1. e4 c5 2. Nf3 Nc6 3. d4 cxd4 4. Nxd4 g6 5. Nc3 Bg7 6. Be3 Nf6 7. f3 O-O 8.
Bc4 Qb6 9. Bb3 Nxe4 10. Nd5 Qa5+ 11. c3 Nc5 12. Nxc6 dxc6 13. Nxe7+ Kh8 14.
Nxc8 Raxc8 15. O-O Rcd8 16. Bd4 Bxd4+ 17. cxd4 Nxb3 18. Qxb3 Qb6 19. Qxb6 axb6
20. Rad1 Rd5 21. Rfe1 Rd7 22. Re3 Rfd8 23. Red3 c5 24. d5 Rd6 25. Kf2 Kg7 26.
f4 Kf6 27. a4 Ra8 28. b3 b5 29. axb5 Ra5 30. b6 Rb5 31. Rc1 Ke7 32. Kf3 Rdxb6
33. Rcc3 Rf6 34. Ke3 h5 35. Rc4 Rfb6 36. Rcc3 Kd6 37. g3 Rb4 38. Kd2 Rd4 39.
Kc2 Kxd5 40. Re3 Re6 41. Rxe6 fxe6 42. Re3 Re4 43. Rd3+ Kc6 44. Kc3 h4 45. Rf3
b5 46. Kd3 Kd5 47. gxh4 Rd4+ 48. Kc2 c4 49. bxc4+ bxc4 50. Rg3 Rxf4 51. Rxg6
Rxh4 52. Rg2 e5 53. Re2 Rh3 54. Kd2 Kd4 55. Rg2 Ra3 56. Rg4+ e4 57. h4 Ra2+ 58.
Kc1 Kd3 59. Rg3+ e3 60. Rh3 c3 61. Kb1 c2+ 0-1

[Event "85. Argentino Superior Absoluto 2010 "]
[Site "Buenos Aires ARG"]
[Date "2010.07.12"]
[Round "7.20"]
[White "Gaitan, Juan Manuel"]
[Black "Vigil, Lucas"]
[Result "1-0"]
[WhiteElo "2047"]
[BlackElo "2053"]
[PlyCount "93"]
[EventDate "2010.07.05"]
[EventType "swiss"]
[EventRounds "9"]
[EventCountry "ARG"]
[Source "lmi"]
[SourceDate "2010.07.05"]

1. d4 Nf6 2. c4 c5 3. d5 d6 4. Nc3 g6 5. e4 Bg7 6. Nf3 O-O 7. Be2 a6 8. O-O e6
9. Qc2 exd5 10. exd5 Bf5 11. Bd3 Bxd3 12. Qxd3 Nbd7 13. Bf4 Qc7 14. h3 Rae8 15.
Rfe1 Nh5 16. Bh2 Ne5 17. Nxe5 Bxe5 18. Bxe5 dxe5 19. Rad1 Nf4 20. Qe3 f5 21. d6
Qc6 22. Nd5 Nxd5 23. Rxd5 b6 24. Rxe5 Rd8 25. Re7 Qxd6 26. Qh6 Rf7 27. Rxf7
Kxf7 28. Qxh7+ Kf6 29. f4 Rd7 30. Qh8+ Rg7 31. Qh4+ Kf7 32. b3 b5 33. Re5 bxc4
34. bxc4 Qd4+ 35. Kh2 g5 36. Rxf5+ Ke6 37. Qg4 gxf4 38. Rg5+ Kf7 39. Rxg7+ Qxg7
40. Qxg7+ Kxg7 41. g4 fxg3+ 42. Kxg3 Kf6 43. Kf4 Ke6 44. Ke4 a5 45. a4 Kd6 46.
h4 Ke6 47. h5 1-0

[Event "85. Argentino Superior Absoluto 2010 "]
[Site "Buenos Aires ARG"]
[Date "2010.07.12"]
[Round "7.21"]
[White "Tomeo, Nicolas"]
[Black "Ortega Morales, Javier"]
[Result "1-0"]
[WhiteElo "2137"]
[BlackElo "1963"]
[PlyCount "89"]
[EventDate "2010.07.05"]
[EventType "swiss"]
[EventRounds "9"]
[EventCountry "ARG"]
[Source "lmi"]
[SourceDate "2010.07.05"]

1. d4 Nf6 2. c4 e6 3. Nf3 b6 4. g3 Bb7 5. Bg2 c5 6. dxc5 Bxc5 7. O-O O-O 8. Nc3
d5 9. cxd5 Nxd5 10. Nxd5 Qxd5 11. Qc2 Qe4 12. Qd1 Qd5 13. Qa4 Bc6 14. Qg4 Qe4
15. Qh5 Qf5 16. Qh4 e5 17. b4 e4 18. Ng5 Bd4 19. Rb1 Bf6 20. Bxe4 Bxg5 21. Bxf5
Bxh4 22. gxh4 g6 23. Bh3 Be4 24. Rb3 Nc6 25. f3 Bd5 26. Rb2 f5 27. Bh6 Rf6 28.
Rd1 Bc4 29. Rbd2 Nxb4 30. Rd7 b5 31. Rg7+ Kh8 32. Rb1 a5 33. a3 Bxe2 34. Re7
Nd5 35. Rxe2 Nc3 36. Re7 Nxb1 37. Bg7+ Kg8 38. Bxf6 Nxa3 39. Rg7+ Kf8 40. Rxh7
Re8 41. Bd4 Nc4 42. h5 gxh5 43. Bxf5 Re7 44. Rh8+ Kf7 45. Rxh5 1-0

[Event "85. Argentino Superior Absoluto 2010 "]
[Site "Buenos Aires ARG"]
[Date "2010.07.12"]
[Round "7.23"]
[White "Chavarria, Bily"]
[Black "Giuliani, German"]
[Result "0-1"]
[WhiteElo "1963"]
[BlackElo "1864"]
[PlyCount "66"]
[EventDate "2010.07.05"]
[EventType "swiss"]
[EventRounds "9"]
[EventCountry "ARG"]
[Source "lmi"]
[SourceDate "2010.07.05"]

1. d4 d5 2. Nf3 Nf6 3. c4 c6 4. Nc3 g6 5. cxd5 cxd5 6. e3 Bg7 7. Bb5+ Bd7 8.
Qb3 Bxb5 9. Qxb5+ Qd7 10. Ne5 Qxb5 11. Nxb5 Na6 12. O-O Nd7 13. f4 Nf6 14. Bd2
Ne4 15. Bb4 Bxe5 16. fxe5 Nxb4 17. Nc7+ Kd7 18. Nxa8 Rxa8 19. Rxf7 Ng5 20. Rg7
Nc2 21. Rc1 Nxe3 22. h4 Nf5 23. Rxe7+ Nxe7 24. hxg5 Rc8 25. Rc3 Rxc3 26. bxc3
Kc6 27. Kf2 Kb5 28. Ke3 Kc4 29. Kd2 b5 30. a3 Kb3 31. e6 Kxa3 32. Ke3 Kb3 33.
Kf4 Nc6 0-1

[Event "85. Argentino Superior Absoluto 2010 "]
[Site "Buenos Aires ARG"]
[Date "2010.07.12"]
[Round "7.24"]
[White "Ligato, Guillermo Fe"]
[Black "Mazzoleni, Julio"]
[Result "1-0"]
[WhiteElo "1944"]
[BlackElo "2123"]
[PlyCount "47"]
[EventDate "2010.07.05"]
[EventType "swiss"]
[EventRounds "9"]
[EventCountry "ARG"]
[Source "lmi"]
[SourceDate "2010.07.05"]

1. e4 Nc6 2. Nc3 e5 3. Nf3 Nf6 4. Nxe5 Nxe5 5. d4 Nc6 6. d5 Ne5 7. Bf4 d6 8.
Bg3 Be7 9. f4 Ng6 10. e5 dxe5 11. fxe5 Nd7 12. Qh5 Bh4 13. e6 Nde5 14. Bb5+ Kf8
15. O-O Qg5 16. Qe2 Bxg3 17. hxg3 f6 18. Ne4 Qg4 19. Qe3 Qh5 20. Qc5+ Kg8 21.
Qxc7 Bxe6 22. dxe6 h6 23. Qxb7 Kh7 24. Nxf6# 1-0

[Event "85. Argentino Superior Absoluto 2010 "]
[Site "Buenos Aires ARG"]
[Date "2010.07.12"]
[Round "7.25"]
[White "Galleto, Ricardo"]
[Black "Asad, Jonathan"]
[Result "1-0"]
[WhiteElo "2019"]
[BlackElo "1702"]
[PlyCount "45"]
[EventDate "2010.07.05"]
[EventType "swiss"]
[EventRounds "9"]
[EventCountry "ARG"]
[Source "lmi"]
[SourceDate "2010.07.05"]

1. e4 c5 2. b4 cxb4 3. d4 e6 4. Nf3 Nf6 5. Bd3 Nc6 6. O-O Be7 7. Nbd2 O-O 8. e5
Nd5 9. Ne4 f5 10. Ng3 b6 11. Re1 g5 12. h4 g4 13. Nh2 Bxh4 14. Nxg4 fxg4 15.
Qxg4+ Kh8 16. Bxh7 Kxh7 17. Qh5+ Kg8 18. Re4 Nf4 19. Bxf4 Qe8 20. Qg4+ Kf7 21.
Bh6 Rg8 22. Qh5+ Rg6 23. Rf4+ 1-0

[Event "85. Argentino Superior Absoluto 2010 "]
[Site "Buenos Aires ARG"]
[Date "2010.07.13"]
[Round "8.2"]
[White "Iermito, Sebastian"]
[Black "Garcia, Raimundo"]
[Result "1/2-1/2"]
[WhiteElo "2457"]
[BlackElo "2314"]
[PlyCount "34"]
[EventDate "2010.07.05"]
[EventType "swiss"]
[EventRounds "9"]
[EventCountry "ARG"]
[Source "lmi"]
[SourceDate "2010.07.05"]

1. e4 e5 2. Nf3 Nc6 3. Bb5 Nge7 4. c3 g6 5. O-O Bg7 6. d4 exd4 7. cxd4 a6 8.
Ba4 b5 9. Bc2 O-O 10. Nc3 d6 11. h3 Nb4 12. Bb1 Nbc6 13. Re1 Bb7 14. Bf4 Re8
15. Qd2 Na5 16. Bh6 c5 17. Qf4 cxd4 1/2-1/2

[Event "85. Argentino Superior Absoluto 2010 "]
[Site "Buenos Aires ARG"]
[Date "2010.07.13"]
[Round "8.3"]
[White "Ricardi, Pablo"]
[Black "Felgaer, Ruben"]
[Result "1/2-1/2"]
[WhiteElo "2512"]
[BlackElo "2584"]
[PlyCount "39"]
[EventDate "2010.07.05"]
[EventType "swiss"]
[EventRounds "9"]
[EventCountry "ARG"]
[Source "lmi"]
[SourceDate "2010.07.05"]

1. e4 c5 2. Nf3 e6 3. c4 Nc6 4. Nc3 Nf6 5. Be2 d5 6. exd5 exd5 7. d4 cxd4 8.
Nxd4 Be7 9. O-O O-O 10. cxd5 Nxd5 11. Nxc6 bxc6 12. Nxd5 cxd5 13. Bf3 Be6 14.
Be3 Bf6 15. Bd4 Rb8 16. Rc1 a5 17. b3 Bxd4 18. Qxd4 Rb4 19. Qc5 h6 20. Rfd1
1/2-1/2

[Event "85. Argentino Superior Absoluto 2010 "]
[Site "Buenos Aires ARG"]
[Date "2010.07.13"]
[Round "8.4"]
[White "Peralta, Fernando"]
[Black "Quiroga, Facundo"]
[Result "1-0"]
[WhiteElo "2570"]
[BlackElo "2340"]
[PlyCount "125"]
[EventDate "2010.07.05"]
[EventType "swiss"]
[EventRounds "9"]
[EventCountry "ARG"]
[Source "lmi"]
[SourceDate "2010.07.05"]

1. d4 Nf6 2. c4 e6 3. Nc3 Bb4 4. e3 O-O 5. Bd3 d5 6. Nf3 c5 7. O-O Nc6 8. a3
Bxc3 9. bxc3 Qc7 10. Bb2 dxc4 11. Bxc4 e5 12. h3 Bf5 13. Bb5 e4 14. Nd2 a6 15.
Bxc6 bxc6 16. c4 cxd4 17. exd4 Rfe8 18. Re1 Bg6 19. Nf1 Nh5 20. d5 Rad8 21. Qd4
f5 22. Rad1 Nf4 23. d6 Qd7 24. c5 Nd3 25. Ne3 Nxe1 26. Rxe1 Re6 27. Nc4 Rde8
28. Na5 Re5 29. Nxc6 Qxc6 30. d7 Rd8 31. Qxe5 Rxd7 32. Qb8+ Kf7 33. Qh8 Ke6 34.
Qg8+ Rf7 35. Rd1 Qxc5 36. Bxg7 f4 37. Qe8+ Re7 38. Qg8+ Rf7 39. Qe8+ Re7 40.
Qf8 Qf5 41. Qc8+ Kf7 42. Qf8+ Ke6 43. Bf6 Rd7 44. Qc8 Qb5 45. Bg5 f3 46. Rxd7
Qxd7 47. Qxa6+ Kf7 48. g4 Qd1+ 49. Kh2 Qe2 50. Qxe2 fxe2 51. Bd2 Ke6 52. Kg3
Ke5 53. f4+ exf3 54. Kxf3 Bd3 55. a4 Ba6 56. a5 Kd4 57. Kf4 Kd3 58. Be1 Kc2 59.
Kg5 Kb3 60. Kh6 Bd3 61. g5 Ka4 62. a6 Bxa6 63. Kxh7 1-0

[Event "85. Argentino Superior Absoluto 2010 "]
[Site "Buenos Aires ARG"]
[Date "2010.07.13"]
[Round "8.5"]
[White "Tristan, Leonardo"]
[Black "Alonso, Salvador"]
[Result "1/2-1/2"]
[WhiteElo "2393"]
[BlackElo "2490"]
[PlyCount "86"]
[EventDate "2010.07.05"]
[EventType "swiss"]
[EventRounds "9"]
[EventCountry "ARG"]
[Source "lmi"]
[SourceDate "2010.07.05"]

1. e4 c5 2. Nc3 Nc6 3. f4 g6 4. Nf3 Bg7 5. Bb5 d6 6. Bxc6+ bxc6 7. d3 Nh6 8.
O-O f6 9. Kh1 Nf7 10. Qe1 e5 11. fxe5 fxe5 12. Qg3 O-O 13. Ng5 Qe7 14. Nxf7
Rxf7 15. Bg5 Qb7 16. b3 Be6 17. Rxf7 Qxf7 18. Kg1 Rf8 19. h3 h6 20. Bd2 Kh7 21.
Re1 Qe7 22. Rf1 Rxf1+ 23. Kxf1 Bf6 24. Nd1 Kg7 25. Qf3 h5 26. Nf2 Bg5 27. Be3
Qf6 28. Qxf6+ Kxf6 29. Ke2 Bxe3 30. Kxe3 Kg5 31. Kf3 Kf6 32. Nd1 Kg5 33. Ne3
Kf6 34. Kg3 g5 35. Kf3 h4 36. Ng4+ Ke7 37. Ne3 Kf6 38. Nc4 Ke7 39. Kf2 Bd7 40.
Na5 Kf6 41. Kf3 Ke7 42. Nb7 Bc8 43. Na5 Bd7 1/2-1/2

[Event "85. Argentino Superior Absoluto 2010 "]
[Site "Buenos Aires ARG"]
[Date "2010.07.13"]
[Round "8.6"]
[White "Slipak, Sergio"]
[Black "Mahia, Gustavo"]
[Result "1/2-1/2"]
[WhiteElo "2440"]
[BlackElo "2393"]
[PlyCount "155"]
[EventDate "2010.07.05"]
[EventType "swiss"]
[EventRounds "9"]
[EventCountry "ARG"]
[Source "lmi"]
[SourceDate "2010.07.05"]

1. d4 d5 2. c4 e6 3. Nc3 c6 4. Nf3 f5 5. Bf4 Nf6 6. e3 Bd6 7. Bd3 O-O 8. O-O
Ne4 9. Qc2 Bxf4 10. exf4 Nd7 11. Rad1 Kh8 12. Rfe1 b6 13. Ng5 Qf6 14. Ncxe4
fxe4 15. Bxe4 dxe4 16. Qxe4 Qf5 17. Qxc6 Qxf4 18. Qxa8 Qxg5 19. Re3 Nf6 20. Rf3
Qa5 21. Ra3 Qb4 22. Qxa7 Qxb2 23. Rf3 Qc2 24. Rf1 Qxc4 25. Qe7 Rg8 26. Qd6 Bb7
27. Rb3 b5 28. Rb4 Qxa2 29. Rxb5 Ne4 30. Qb6 Bd5 31. Rb2 Qa8 32. f3 Nf6 33. Qd6
Rd8 34. Qf4 h6 35. Rb6 Kh7 36. Rb8 Rxb8 37. Qxb8 Qa3 38. Qb2 Qd3 39. Re1 g5 40.
Re2 Kg7 41. Qd2 Qf5 42. Re5 Qb1+ 43. Re1 Qb6 44. Qe3 Qb2 45. Rc1 Qb8 46. Rc3
Qf4 47. Qxf4 gxf4 48. Kf2 Kg6 49. g3 Ne8 50. Rc8 Nd6 51. Rg8+ Kf7 52. Rb8 Nf5
53. Rb4 h5 54. Ra4 Kg6 55. gxf4 Nh4 56. Ra5 Kf5 57. Kg3 Ng6 58. Ra7 h4+ 59. Kf2
Kxf4 60. Rf7+ Kg5 61. Ke3 e5 62. Ra7 exd4+ 63. Kxd4 Bxf3 64. Ke3 Bg2 65. Ra2
Nf4 66. Ra4 Ne6 67. Ra2 Bh1 68. Ra1 Bb7 69. Rg1+ Kf5 70. Rg8 Bd5 71. Rg1 Ng5
72. Rf1+ Kg4 73. Rg1+ Kf5 74. Rf1+ Ke5 75. Rf4 h3 76. Ra4 Nf3 77. Kf2 Nxh2 78.
Kg3 1/2-1/2

[Event "85. Argentino Superior Absoluto 2010 "]
[Site "Buenos Aires ARG"]
[Date "2010.07.13"]
[Round "8.7"]
[White "Spata, German"]
[Black "Pierrot, Facundo"]
[Result "1-0"]
[WhiteElo "2286"]
[BlackElo "2431"]
[PlyCount "69"]
[EventDate "2010.07.05"]
[EventType "swiss"]
[EventRounds "9"]
[EventCountry "ARG"]
[Source "lmi"]
[SourceDate "2010.07.05"]

1. Nf3 c5 2. e3 Nf6 3. b3 g6 4. Bb2 Bg7 5. c4 O-O 6. Be2 Nc6 7. O-O d6 8. d4
cxd4 9. Nxd4 Bd7 10. Nc3 a6 11. Rc1 Rb8 12. Qd2 b5 13. Nd5 Nxd4 14. Bxd4 Nxd5
15. cxd5 Bxd4 16. Qxd4 Qa5 17. Qb2 b4 18. e4 Rfc8 19. Bc4 Qb6 20. e5 a5 21.
Rfe1 Bb5 22. e6 f6 23. Re4 Rc5 24. Qd2 Kg7 25. Rh4 g5 26. Rd4 Rbc8 27. h4 h6
28. g3 Bxc4 29. bxc4 Rg8 30. Kg2 Rcc8 31. hxg5 hxg5 32. f4 gxf4 33. Rxf4 Kf8
34. Rh1 b3 35. Rg4 1-0